Deutsche Sprichwörter auf Englisch - Statistiken

Allgemein
  • Dieses Quiz wurde 165 mal gespielt
  • Das Durchschnittsergebnis liegt bei 16 aus 20
Antwortstatistiken
Hint Antwort % Korrekt
Alle Wege führen nach Rom All roads lead to Rome
92%
Der Apfel fällt nicht weit vom Stamm The apple doesn't fall far from the tree
92%
Wenn zwei sich streiten freut sich der Dritte When two people argue, the third rejoices
91%
Pech im Spiel, Glück in der Liebe Bad luck at cards, good luck in love
90%
Der frühe Vogel fängt den Wurm The early bird catches the worm
90%
Lügen haben kurze Beine Lies have short legs
89%
Reden ist Silber, Schweigen ist Gold Speech is silver, silence is golden
88%
Eine Hand wäscht die andere One hand washes the other
87%
Wer im Glashaus sitzt, sollte nicht mit Steinen werfen People in glass houses shouldn't throw stones
87%
Wer anderen eine Grube gräbt, fällt selbst hinein He who digs a pit for others falls into it himself
85%
Was du heute kannst besorgen, das verschiebe nicht auf morgen Don't put off until tomorrow what you can do today
84%
Lieber den Spatz in der Hand als die Taube auf dem Dach A bird in the hand is worth two in the bush
80%
Wer rastet, der rostet If you rest, you rust
78%
Es ist noch kein Meister vom Himmel gefallen No one is born a master
73%
Wo gehobelt wird, da fallen Späne Where there's planing, there are shavings
72%
Ohne Fleiß kein Preis No pain, no gain
68%
Übung macht den Meister Practice makes perfect
68%
Wer nicht wagt, der nicht gewinnt Nothing ventured, nothing gained
57%
Da steppt der Bär The place is packed!
57%
Morgenstund hat Gold im Mund The early bird catches the worm
33%
Keine übereinstimmenden Quizze gefunden
Verteilung der Resultate
Anzahl Personen mit jedem Resultat
Perzentil nach korrekt beantworteten Fragen
Ihre Resultats-Entwicklung
Sie haben dieses Quiz noch nicht gespielt